5HLuxD.jpg

KING HENRY VIII SENIOR AND PRIMARY SCHOOL LIBRARY OPAC

Daisy (Record no. 5793)

000 -LEADER
fixed length control field 00937nam a22002777a 4500
003 - CONTROL NUMBER IDENTIFIER
control field OSt
005 - DATE AND TIME OF LATEST TRANSACTION
control field 20251111155855.0
008 - FIXED-LENGTH DATA ELEMENTS--GENERAL INFORMATION
fixed length control field 251111b ||||| |||| 00| 0 eng d
020 ## - INTERNATIONAL STANDARD BOOK NUMBER
International Standard Book Number 9780823446506
040 ## - CATALOGING SOURCE
Transcribing agency KH8
082 00 - DEWEY DECIMAL CLASSIFICATION NUMBER
Classification number 813.6 BAG
100 1# - MAIN ENTRY--PERSONAL NAME
Personal name Bagley, Jessixa
Relator term author
-- illustrator
245 10 - TITLE STATEMENT
Title Daisy
Statement of responsibility, etc. Jessixa Bagley
250 ## - EDITION STATEMENT
Edition statement First edition
264 #1 - PRODUCTION, PUBLICATION, DISTRIBUTION, MANUFACTURE, AND COPYRIGHT NOTICE
Place of production, publication, distribution, manufacture New York
Name of producer, publisher, distributor, manufacturer Holiday House
Date of production, publication, distribution, manufacture, or copyright notice 2021
300 ## - PHYSICAL DESCRIPTION
Extent 36 pages
Other physical details color illustrations
Dimensions 23 cm x 26 cm
520 ## - SUMMARY, ETC.
Summary, etc. Because she is teased at school, Daisy hangs her head a lot, which leads to a new hobby of collecting lost and broken items and to a real treasure--a new friend.
521 ## - TARGET AUDIENCE NOTE
Target audience note Ages 4 to 8.
Source Holiday House.
521 ## - TARGET AUDIENCE NOTE
Target audience note Grades K-1.
Source Holiday House.
650 #1 - SUBJECT ADDED ENTRY--TOPICAL TERM
Topical term or geographic name entry element Teasing
Form subdivision Fiction
650 #1 - SUBJECT ADDED ENTRY--TOPICAL TERM
Topical term or geographic name entry element Collectors and collecting
Form subdivision Fiction
650 #1 - SUBJECT ADDED ENTRY--TOPICAL TERM
Topical term or geographic name entry element Friendship
Form subdivision Fiction
650 #1 - SUBJECT ADDED ENTRY--TOPICAL TERM
Topical term or geographic name entry element Warthogs
Form subdivision Fiction
650 #1 - SUBJECT ADDED ENTRY--TOPICAL TERM
Topical term or geographic name entry element Animals
Form subdivision Fiction
942 ## - ADDED ENTRY ELEMENTS (KOHA)
Source of classification or shelving scheme
Koha item type Books - Fiction
Holdings
Withdrawn status Lost status Source of classification or shelving scheme Damaged status Not for loan Collection code Permanent Location Current Location Shelving location Date acquired Full call number Barcode Date last seen Price effective from Koha item type Public note
          Fiction KH8 Primary School Library KH8 Primary School Library Fiction 2025-11-11 813.6 BAG KHPL000007503 2025-12-05 2025-11-11 Books - Fiction PRIMARY LIBRARY

Powered By KH8 IT Dept